000 01180nam a2200325 i 4500
003 EG-GICUC
005 20260205223656.0
008 260205s1997 ua ||||fr|||| 00| 0 ara d
017 _a1997/9571
020 _a977-04-2059-X
040 _a EG-GICUC
_bara
_c EG-GICUC
_d EG-GICUC
_erda
041 0 _aara
082 0 4 _221
_a343.91
_bم ح . ع
092 0 4 _221
099 _aLaw1 10 343.91 م ح . ع 1997
100 0 _aمحمد محمد مصباح القاضي
_eمؤلف.
245 1 2 _aالعقوبات البديلة في الفقه الإسلامي /
_cدكتور محمد محمد مصباح القاضي .
264 1 _aالقاهرة :
_bدار النهضة العربية،
_c1997.
300 _a291 ؛ صفحة
_c24 سم.
336 _2rda content
_atext
337 _2rda media
_aComputer
338 _2rda carrier
_aOnline Resource
504 _a. 264-272 ببليوجرافيا: صفحات
546 _aالنص باللغة العربية
650 1 4 _aالنظام الجنائي الإسلامي
650 1 4 _aالقانون الجنائي
856 4 0 _uhttps://fll.law.cu.edu.eg/fulltext/bks/B10-08276.pdf
905 _a77
942 _2ddc
_cBK
_e21
_n0
999 _c61392
_d61392